000 00583nam a2200205Ia 4500
005 20250923145359.0
008 008 250917s9999 xx 000 0 eng d
037 _aTextual
040 _aDSWL
_beng
_cDSWL
041 _aeng
_2eng
084 _aQ:2, N62
_qDSWL
100 _aPrabhavananda, Swami
_9834700
245 4 _aThe spiritual heritage of India
_c by Swami Prabhavananda
260 _aLondon
_bGeorge Allen & Unwin Ltd.
_c1962
300 _a374 p.
365 _aINR
_b15 . 0
925 _g15 . 0
942 _cTEXL
_hQ:2, N62
999 _c1450685
_d1450685